| 000 | 00951nam a2200301Ia 4500 | ||
|---|---|---|---|
| 003 | OSt | ||
| 005 | 20221007120823.0 | ||
| 006 | a|||||r|||| 00| 0 | ||
| 007 | ta | ||
| 008 | 221006b |||||||| |||| 00| 0 eng d | ||
| 020 | _a0521799651 (pbk) | ||
| 024 | _a8706 | ||
| 037 |
_bN R Book, _cTextual |
||
| 040 |
_aBDL _cBDL _beng |
||
| 041 |
_2eng _aeng |
||
| 082 | _aE9G:f3, P0 Carb | ||
| 100 |
_aWilson Keith Ed _9408508 |
||
| 245 | 0 |
_aPractical biochemistry: principles and techniques _b Walker John Ed |
|
| 250 | _a5 | ||
| 260 |
_aCambridge _bCambridge University Press _c2000 |
||
| 300 |
_axviii,784p. ill. _ccm. |
||
| 500 | _aIndex 771-784p; ^n23/CSL/CARB/2001-2002/64^d2001-05-25^mPurchase | ||
| 650 |
_a Laboratory manual _9710073 |
||
| 650 | _aBiochemistry | ||
| 700 | _a Walker John Ed | ||
| 942 |
_hE9G:f3, P0 Carb _cTEXL _2CC |
||
| 999 |
_c1208058 _d1208058 |
||